Modele Hyundaia - nagła śmierć - Statystyki

Ogólne statystyki
  • Ten quiz został rozwiązany 68 razy
  • Średni wynik to 4 z 13
Answers on the Grid
Answers color-coded by a green-red scale on the quiz's grid according to % correct below.
Elantra
Bayon
Kona
Tucson
Santa Fe
Inster
Ioniq
Veloster
Terracan
Matrix
Cenesis Coupe
H-1
Trajet
Supra
Rio
Sportage
Paladin
Accord
Everus
Spiano
Lancer
Evanda
Leganza
Uncharted
Celerio
Bronco
iX
Stralis
Mokka
Octavia
Jumper
Rifter
 
Statystyki odpowiedzi
Odpowiedź % Poprawnych
Tucson
74%
Santa Fe
54%
Ioniq
51%
Kona
51%
Elantra
49%
H-1
26%
Cenesis Coupe
23%
Bayon
21%
Terracan
18%
Veloster
18%
Inster
15%
Matrix
10%
Trajet
8%
Nie znaleziono quizów pasujących do podanych kryteriów
Rozkład punktacji
Procent ludzi z każdym wynikiem
Percentyl według liczby udzielonych odpowiedzi
Twoja historia wyników
Nie rozwiązałeś tego quizu